[Event "Varna U2200 op"]
[Site "Varna"]
[Date "2019.07.02"]
[Round "1"]
[White "Mihalev, Rosen"]
[Black "Radev, Slavi"]
[Result "1-0"]
[WhiteElo "1860"]
[BlackElo "1086"]
[PlyCount "31"]
[EventDate "2019.07.02"]
[EventType "swiss"]
[EventRounds "7"]
[EventCountry "BUL"]
[SourceTitle "EXT 2020"]
[Source "ChessBase"]
[SourceDate "2019.10.17"]
[SourceVersion "1"]
[SourceVersionDate "2019.10.17"]
[SourceQuality "1"]

1. e4 e5 2. g3 Nf6 3. Bg2 Nc6 4. Ne2 b6 5. 0-0 Bb7 6. Re1 Bc5 7. c3 a5 8. d4 exd4 9. e5 Ng4 10. Nxd4 Nh6 11. Nd2 Nxd4 12. Bxb7 Rb8 13. cxd4 Bb4 14. Bg2 0-0 15. a3 Be7 16. Qh5 1-0